00289nam a2200097Ia 4500008004100000082000800041100001800049245010300067942000600170999001500176240331s9999 xx 000 0 und d bAMA aAmarasinghe,R 0aTwenty Two Years of Devolution :bAn Evaluation of the Working of Provincial Councils in Sri Lanka cL c5767d5767